000 00674nam a2200253 i 4500
001 C2-0158049
003 PPAK
005 20210726101116.0
008 980429s1983 nyua|||| ||||| | eng d
020 _a0701817844
040 _aPPAK
_beng
_cPPAK
_erda
082 0 4 _a641.87
_223
090 0 0 _a641.87
_bTIR
_dR
100 1 _aTirado, Eddie,
_eauthor
245 1 0 _aCocktails & mixed drinks
264 1 _aNew York :
_bLansdowne ,
_c1983
300 _a112 pages :
_billustrations ;
_c26 cm
336 _2rdacontent
_atext
337 _2rdamedia
_aunmediated
338 _2rdacarrier
_avolume
650 1 0 _aCocktails
650 2 0 _aAlcoholic beverages
942 _cB
_2ddc
999 _c48597
_d48597